000 00622nam a2200169 a 4500
008 120416s1966 ||||||||||||||||| || u
050 _aHD 82 Hol
100 _aHolt, Robert T
245 1 4 _aThe political basis of economic development
246 _aan exploration in comparative political analysis
260 _aPrinceton, N.J.
_bVan Nostrand
_c1966
300 _avi, 410p. : ill.
350 _a0.00
650 _aPOLITICAL ECONOMICS--DEVELOPMENT
650 0 _aECONOMICS
995 _D0.00
_FCBU-MAIN LIBRARY (Kitwe)
_H1
_I0.00
_M1
_UDAMAGED
_ZMain Library Open Access Collection
999 _c53881
_d53881